| 000 | 01153nam a2200349 c 4500 | ||
|---|---|---|---|
| 001 | 2547 | ||
| 003 | ES-MaCES | ||
| 005 | 20141221121616.0 | ||
| 008 | 941212s1994 sp ||| | spa d | ||
| 017 |
_aVA. 361-1994 _bDL |
||
| 020 | _a8475576621 | ||
| 035 | _aCES19980025670m | ||
| 040 |
_aES-MaCES _bspa _cES-MaCES |
||
| 100 | 1 |
_aMerino Senovilla, Henar _918475 |
|
| 245 | 1 | 3 |
_aEl trabajo a tiempo parcial _b: (un tratamiento diferente del tiempo de trabajo) _cHenar Merino Senovilla |
| 260 |
_aValladolid _bLex Nova _c1994 |
||
| 300 |
_a379 p. _c24 cm |
||
| 490 | 1 | _aMonografías laborales | |
| 504 | _aBibliografía: p. 371-379 | ||
| 541 | _cCompra | ||
| 650 | 4 |
_aordenamiento del tiempo de trabajo _929205 |
|
| 650 | 4 |
_aempleo a tiempo parcial _926772 |
|
| 650 | 4 |
_acontrato de trabajo _928316 |
|
| 650 | 4 |
_aestructura de los salarios _928393 |
|
| 650 | 4 |
_arégimen jurídico _929894 |
|
| 650 | 4 |
_aderecho del trabajo _927165 |
|
| 653 | 1 | 0 | _aRelaciones laborales-Empleo |
| 830 | 0 |
_aMonografías laborales (Editorial Lex Nova) _932484 |
|
| 902 | _aLIB Libro | ||
| 942 |
_2CES _cBK _h2.0. |
||
| 999 |
_c2547 _d2547 |
||